Statistics for Italy First Level Subdivisions

Click here to take the quiz!

General Stats

  • This quiz has been taken 398 times
  • The average score is 12 of 20

Answer Stats

Regioni% Correct
Sicily
93%
Sardinia
89%
Tuscany
80%
Lombardy
76%
Lazio
70%
Veneto
69%
Piedmont
67%
Calabria
65%
Liguria
65%
Apulia / Puglia
61%
Umbria
59%
Aosta Valley
56%
Campania
56%
Emilia-Romagna
56%
Abruzzo
52%
Molise
52%
Basilicata
49%
Marche
47%
Friuli-Venezia Giulia
39%
Trentino-South Tyrol
23%

Score Distribution

Percentile by Number Answered

Percent of People with Each Score

Your Score History

You have not taken this quiz